| 000 | 00503nam a22001817a 4500 | ||
|---|---|---|---|
| 005 | 20260529122457.0 | ||
| 008 | 260527b |||||||| |||| 00| 0 eng d | ||
| 020 |
_a9789364683586 _c450.00 |
||
| 040 | _aMAIN | ||
| 041 | _aEnglish | ||
| 082 |
_bAGG _a001.076 |
||
| 100 |
_aAggarwal, R.S. _9126 |
||
| 245 |
_aAdvanced Objective General Knowledge 2025 _b: For All Competitive Examinational |
||
| 260 |
_aUttar Pradesh _bS. Chand _c2025 |
||
| 300 | _aV.P. | ||
| 650 | _aCompetitive Books | ||
| 942 | _cBK | ||
| 999 |
_c60904 _d60904 |
||